00681nam a22001577a 450000500170000000800410001702000150005804100120007308200140008510000710009924502460017025000180041626000390043430000250047365000250049820250205064550.0250205b |||||||| |||| 00| 0 eng d a0958434751 aEnglish a346.5 MEY aD MeyerowitzcAdvocate of the High Court of South Africa lEnglish aThe Law and Practice of Administration of Estates and Estate Duty : bIncluding Drafting & Execution of Wills, Intestate Succession, Minors, Absent Persibs, Mental Patients, Trust and Trustess , Fiduciaries and Usurructuaries /cD Meyerowitz a2001 Edition  aCape Town:bThe Taxpayer CC,c2001 bxxx,; B-34,c25 cm.  aLegal Practice bLaw